[Event "EICC 2019"]
[Site "Skopia"]
[Date "2019.03.26"]
[Round "8.8"]
[White "Cheparinov, Ivan"]
[Black "Lupulescu, Constantin"]
[Result "1/2-1/2"]
[WhiteElo "2683"]
[BlackElo "2611"]
[Annotator "TA"]
[PlyCount "67"]
[EventDate "2019.03.18"]
[EventType "swiss"]
[EventCountry "MKD"]
[SourceTitle "playchess.com"]
[Source "ChessBase"]
[SourceQuality "1"]

{[%evp 18,67,24,9,29,26,10,24,24,19,29,0,0,0,0,9,91,103,120,121,124,90,91,0,0,0,0,0,0,0,0,0,0,1,27,0,11,0,0,0,0,0,0,0,0,0,1,0,0,0,0,0]} 1. e4 c6 2. d4 d5 3. Nc3 dxe4 4. Nxe4 Bf5 5. Ng3 Bg6 6. h4 h6 7. Nf3 e6 8. Ne5 Bh7 9. Bd3 Bxd3 10. Qxd3 Nd7 {B19: Classical Caro-Kann: 4...Bf5 main line} 11. Qe2 (11. Bf4 Nxe5 12. Bxe5 Qa5+ 13. c3 Nf6 14. b4 Qd8 15. b5 cxb5 16. Bxf6 gxf6 17. Qxb5+ Qd7 18. a4 {0-1 (54) Jones,G (2691)-Eljanov,P (2680) chess.com INT 2019}) 11... Ngf6 12. Bd2 Qc7 {White has an edge.} 13. O-O-O Bd6 {[%cal Rd7e5]} 14. Rhe1 {Hoping for Nxf7!} O-O $1 15. Nh5 $146 ({Predecessor:} 15. f4 c5 16. Nxd7 Nxd7 17. dxc5 Bxf4 18. Nh5 Bxd2+ 19. Qxd2 Nxc5 {0-1 (39) Zila,L (2245)-Medvegy,Z (2540) Hungary 2015}) 15... Nxh5 16. Qxh5 Rad8 {[#]} (16... Nf6 $11 17. Qf3 c5) 17. Ng4 $1 $16 Rfe8 {[#]} 18. Bxh6 $1 {[%mdl 512]} Bf4+ (18... gxh6 19. Nxh6+) 19. Bxf4 Qxf4+ {[#]} 20. Kb1 ({White should play} 20. Rd2 $1 $16) 20... Nf6 $11 21. Nxf6+ Qxf6 22. Qg4 Qxf2 23. Rf1 Qe3 24. Rd3 Qh6 25. Qf3 Rd7 26. Qf2 Red8 {The position is equal.} 27. a3 (27. a4 {keeps more tension.} f5 28. Rfd1 Qf6 29. g3 Kf7 30. Qe3) 27... Qf6 28. Qe1 Qh6 29. Qf2 Qf6 30. Qxf6 gxf6 31. Rg3+ Kf8 32. Rxf6 Rxd4 33. Rgf3 R8d7 34. Rxe6 {Accuracy: White = 62%, Black = 72%.} 1/2-1/2

[Event "EICC 2019"]
[Site "Skopia"]
[Date "2019.03.26"]
[Round "8.9"]
[White "Predke, Alexandr"]
[Black "Berkes, Ferenc"]
[Result "1/2-1/2"]
[WhiteElo "2611"]
[BlackElo "2666"]
[Annotator "TA"]
[PlyCount "28"]
[EventDate "2019.03.18"]
[EventType "swiss"]
[EventCountry "MKD"]
[SourceTitle "playchess.com"]
[Source "ChessBase"]
[SourceQuality "1"]

{[%evp 9,28,23,17,12,19,14,16,15,24,26,27,10,15,0,6,0,0,-10,-4,-14,-8]} 1. e4 Nf6 2. e5 Nd5 3. Nc3 Nxc3 4. dxc3 d5 5. Be3 (5. Bg5 c6 {½-½ (5) Markovic,M (2446)-Markus,R (2615) Novi Sad 2018}) 5... Bf5 6. Bd3 {B02: Alekhine's Defence: Chase Variation and lines with early Nc3} Bxd3 7. cxd3 e6 8. Qg4 Nc6 {[%cal Bb8c6,Bc6e7,Be7f5][%mdl 32]} 9. Nf3 Ne7 10. h4 $146 ({Predecessor:} 10. Bg5 h6 11. Bxe7 Qxe7 12. a4 c5 {½-½ (50) Betancourt,L-Caliguire,J (2088) ICCF email 2013}) 10... h5 {The position is equal.} 11. Qb4 b6 12. Bg5 Nf5 13. Qa4+ Qd7 14. Qf4 Be7 1/2-1/2

[Event "EICC 2019"]
[Site "Skopia"]
[Date "2019.03.26"]
[Round "8.10"]
[White "Gelfand, Boris"]
[Black "Deac, Bogdan-Daniel"]
[Result "1/2-1/2"]
[WhiteElo "2655"]
[BlackElo "2609"]
[Annotator "TA"]
[PlyCount "91"]
[EventDate "2019.03.18"]
[EventType "swiss"]
[EventCountry "MKD"]
[SourceTitle "playchess.com"]
[Source "ChessBase"]
[SourceQuality "1"]

{[%evp 15,91,0,14,5,13,9,10,10,25,27,22,0,0,0,32,0,0,0,0,0,16,21,23,18,16,0,0,0,0,0,0,0,0,0,0,-36,0,0,0,0,6,0,0,0,5,5,0,0,0,0,0,0,0,0,0,0,21,20,21,18,27,8,14,4,4,2,8,8,11,6,31,30,31,27,31,23,23,0]} 1. c4 Nf6 2. Nc3 e5 3. Nf3 Nc6 4. e4 Bb4 5. d3 d6 6. a3 {A28: English Opening: Four Knights Variation} Bc5 7. b4 Bb6 8. Na4 Bd4 {LiveBook: 3 Games} 9. Rb1 Bg4 10. Be2 Bxf3 11. Bxf3 Nd7 $146 ({Predecessor:} 11... a6 12. Bd2 Ba7 13. g3 Nd4 {0-1 (60) Mousavi,S (2432)-Edouard,R (2639) Guilan 2016}) 12. Bd2 Nf8 13. Nc3 Ne6 14. O-O a5 15. Bg4 axb4 16. axb4 O-O 17. Kh1 Ne7 18. Ne2 Bb6 19. Qc1 Ba7 20. f4 Nxf4 21. Nxf4 exf4 22. Bxf4 Bd4 23. Be3 Bxe3 24. Qxe3 Ra3 25. Ra1 Qa8 26. Qc1 Rxa1 27. Qxa1 Qa6 28. b5 Qb6 29. e5 dxe5 30. Qxe5 Ng6 31. Qd5 (31. Qe4 {keeps more tension.} c6 32. bxc6 bxc6 33. g3 Rd8 34. Bf3) 31... c6 32. bxc6 bxc6 33. Qe4 c5 34. Qe3 Rd8 35. Bf3 Nf8 36. Bd5 {Hoping for Qe7.} Ne6 37. Qf2 Qc7 38. Qf5 Re8 39. h3 g6 40. Qf6 Qe7 41. Qf2 Qc7 42. Re1 Ng7 43. Rb1 Nf5 44. Rb7 Qe5 $1 {Threatening ...Ra8.} 45. Bxf7+ Kh8 $1 46. Bxe8 {Precision: White = 63%, Black = 63%.} 1/2-1/2

[Event "EICC 2019"]
[Site "Skopia"]
[Date "2019.03.26"]
[Round "8.11"]
[White "Bindrich, Falko"]
[Black "Alekseev, Evgeny"]
[Result "1-0"]
[WhiteElo "2610"]
[BlackElo "2640"]
[Annotator "TA"]
[PlyCount "77"]
[EventDate "2019.03.18"]
[EventType "swiss"]
[EventCountry "MKD"]
[SourceTitle "playchess.com"]
[Source "ChessBase"]
[SourceQuality "1"]

{[%evp 11,77,14,18,22,24,23,24,26,18,15,33,19,28,11,25,21,29,0,42,39,39,28,44,14,55,24,22,37,78,64,72,59,62,73,68,59,68,57,41,49,401,24,56,0,7,4,102,-10,0,0,24,0,-6,-8,27,12,12,12,20,25,87,17,561,552,547,552,526,421]} 1. e4 e5 2. Nf3 Nc6 3. Bc4 Bc5 4. O-O Nf6 5. d3 d6 6. c3 a6 7. a4 {C54: Giuoco Piano: 4 c3 Nf6, main lines with 5 d4 and 5 d3} Ba7 (7... O-O 8. Re1 h6 9. h3 a5 10. Nbd2 Be6 11. b3 d5 12. exd5 Nxd5 13. Ne4 Bb6 14. Ra2 f5 15. Ng3 Qf6 16. Nxe5 Nxe5 {½-½ (40) Ding,L (2813)-Anand,V (2773) Wijk aan Zee 2019}) 8. Re1 h6 9. Nbd2 {White has an edge.} O-O 10. h3 Ne7 11. Bb3 Ng6 12. d4 Re8 13. Bc2 Bd7 14. Nf1 b5 {[#]} 15. Ng3 $146 c5 16. Be3 Qc7 17. Qd2 Kh7 18. Nf5 Bxf5 $1 19. exf5 Nf8 20. dxe5 dxe5 21. Nh2 N8d7 22. Ng4 {[%cal Re3h6] aiming for Bxh6!} e4 23. axb5 axb5 24. Bf4 Qb7 25. Rad1 {[%cal Rf4h6] Bxh6! is the strong threat.} Re7 $2 {[%mdl 8192] [#]} ({Black should try} 25... Rad8 $14) 26. Bd6 $2 (26. Bxh6 $1 $18 {[%mdl 512]} Nxg4 (26... gxh6 27. Qxh6+) 27. Qg5 {[%mdl 64] Double Attack}) 26... Ree8 $11 27. Qf4 c4 $1 28. Rd2 Bb8 (28... Nxg4 $11 {keeps the balance.} 29. hxg4 (29. Qxg4 $2 e3 $19) 29... Nf6) 29. Red1 (29. Bxb8 $16 Qxb8 30. Qxb8 Raxb8 31. Bxe4 $1 {[%mdl 512]}) 29... Bxd6 30. Rxd6 Ra6 31. R6d4 Nc5 32. Qe3 Qe7 33. Nxf6+ Rxf6 34. Rd5 Nd3 $1 35. Rxb5 Qd7 {[#]} (35... Rd6 $1 $11 {remains equal.}) 36. Ra5 (36. Rb4 $1 $16 {[%cal Rb4c4]} Qxf5 37. Bxd3 cxd3 {[#]} 38. f3 $1 {[%mdl 512]}) 36... Rxf5 $2 {[%mdl 8192]} (36... Qd8 $11 37. Rb5 Qd7) 37. Ba4 $18 {[%mdl 64] Skewer. White is clearly winning.} Qe6 38. Rxf5 Ra8 39. Bd7 {Accuracy: White = 52%, Black = 41%.} 1-0

[Event "EICC 2019"]
[Site "Skopia"]
[Date "2019.03.26"]
[Round "8.12"]
[White "Huschenbeth, Niclas"]
[Black "Lysyj, Igor"]
[Result "0-1"]
[WhiteElo "2594"]
[BlackElo "2635"]
[Annotator "TA"]
[PlyCount "64"]
[EventDate "2019.03.18"]
[EventType "swiss"]
[EventCountry "MKD"]
[SourceTitle "playchess.com"]
[Source "ChessBase"]
[SourceQuality "1"]

{[%evp 9,64,0,0,0,0,-5,0,0,0,0,0,-8,0,-44,0,0,0,0,12,24,94,0,0,0,0,0,40,41,34,0,0,0,0,-28,-18,-66,-70,-61,-48,-49,-46,-77,-78,-96,-94,-340,-344,-324,-331,-495,-495,-492,-483,-467,-468,-438,-415]} 1. Nf3 Nf6 2. d4 d5 3. c4 e6 4. Nc3 dxc4 5. e4 Bb4 6. Bxc4 {D24: Queen's Gambit Accepted: 3 Nf3 Nf6 4 Nc3} Nxe4 7. O-O Nxc3 (7... Nf6 8. Qa4+ Nc6 9. Ne5 Rb8 10. Rd1 O-O 11. Nxc6 bxc6 12. Qxa7 Bd7 13. Qa4 c5 {1-0 (71) Carlsen,M (2835)-Duda,J (2738) Wijk aan Zee 2019}) 8. bxc3 {The position is equal.} Be7 9. Qc2 O-O 10. Re1 Nd7 11. Bd3 $146 ({Predecessor:} 11. Bf4 b6 12. d5 e5 13. Nxe5 Nxe5 14. Bxe5 {½-½ (31) Nisipeanu,L (2689)-Shankland,S (2624) Tromsoe 2014}) 11... h6 12. Qe2 Bd6 13. Bc2 Re8 14. Ne5 Nf8 (14... f5 $11) 15. Bf4 (15. Qh5 $16 Qe7 16. Re3 Bxe5 17. dxe5 (17. Rxe5 Bd7 $14) (17. Qxe5 Ng6 $14)) 15... f6 $11 16. Rad1 {[%cal Ba1d1,Bd1d3,Bd3g3][%mdl 32]} Qe7 ({Avoid the trap} 16... fxe5 $2 17. dxe5 Re7 18. exd6 $18) 17. Rd3 {[#] Strongly threatening Bxh6!} Bxe5 18. dxe5 f5 $1 19. Rg3 {[%mdl 1024] And now Bxh6 would win. White has compensation.} Kh8 $1 20. Qh5 {Threatens to win with Bg5.} Nh7 $1 21. Rd3 Bd7 22. Bb3 Bb5 23. Rh3 Rf8 24. Qg6 Rae8 25. Bd1 Bc6 26. Bh5 Rd8 27. Qg3 $2 {[#]} (27. Be2 $17 {was worth a try.}) 27... g5 $1 $19 28. Bc1 g4 29. Qh4 (29. Bxg4 {might work better.} Rg8 {[%mdl 64] Pin} 30. Qh4 Qxh4 31. Rxh4 Rxg4 32. Rxg4 fxg4 33. Bxh6) 29... Ng5 {Black is clearly winning.} 30. Bxg4 {Bxg5 would kill now.} Nxh3+ 31. Qxh3 fxg4 32. Qxh6+ Qh7 {Accuracy: White = 51%, Black = 54%.} 0-1

[Event "EICC 2019"]
[Site "Skopia"]
[Date "2019.03.26"]
[Round "8.13"]
[White "Rakhmanov, Aleksandr"]
[Black "Bartel, Mateusz"]
[Result "1/2-1/2"]
[WhiteElo "2629"]
[BlackElo "2600"]
[Annotator "TA"]
[PlyCount "39"]
[EventDate "2019.03.18"]
[EventType "swiss"]
[EventCountry "MKD"]
[SourceTitle "playchess.com"]
[Source "ChessBase"]
[SourceQuality "1"]

{[%evp 15,19,18,23,24,26,17]} 1. d4 d5 2. c4 e6 3. Nc3 c6 4. e3 Nf6 5. Nf3 a6 6. b3 Bb4 7. Bd2 Nbd7 8. Bd3 O-O 9. O-O {D45: Semi-Slav: 5 e3} Qe7 10. Qc2 {Predecessor:} e5 $146 11. dxe5 Nxe5 12. Nxe5 Qxe5 13. Nxd5 Nxd5 14. cxd5 Bxd2 15. Qxd2 Qxd5 16. Qc2 g6 17. Rad1 Qe5 18. h3 Qe7 19. Qc3 Be6 20. Bc4 {½-½ (20) Kuzubov,Y (2647)-Banusz,T (2612) Valjevo 2018} 1/2-1/2

[Event "EICC 2019"]
[Site "Skopia"]
[Date "2019.03.26"]
[Round "8.14"]
[White "Azarov, Sergei"]
[Black "Movsesian, Sergei"]
[Result "1/2-1/2"]
[WhiteElo "2585"]
[BlackElo "2627"]
[Annotator "TA"]
[PlyCount "87"]
[EventDate "2019.03.18"]
[EventType "swiss"]
[EventCountry "MKD"]
[SourceTitle "playchess.com"]
[Source "ChessBase"]
[SourceQuality "1"]

{[%evp 22,87,23,29,24,31,29,31,31,29,41,27,22,27,18,5,16,32,24,33,25,31,31,31,31,37,43,33,78,29,28,29,36,16,22,14,16,22,17,19,21,16,28,0,0,0,12,0,8,0,40,29,27,27,34,25,37,27,43,43,52,52,52,52,52,52,56,45]} 1. e4 c5 2. Nf3 e6 3. d4 cxd4 4. Nxd4 Nc6 5. Nc3 a6 6. Nxc6 bxc6 7. Bd3 d5 8. O-O Nf6 9. Qf3 {B46: Sicilian: Taimanov: 5 Nc3 a6} Be7 10. Qg3 O-O 11. Bh6 Ne8 12. Bf4 {LiveBook: 14 Games} Nf6 $146 ({Predecessor:} 12... Bh4 13. Qf3 Bg5 14. Na4 Qf6 15. Bxg5 Qxg5 16. Nb6 Rb8 17. Nxc8 Rxc8 18. Bxa6 {1-0 (33) Kramnik,V (2800)-Andreikin,D (2712) Moscow 2018}) 13. Bc7 Qe8 14. Rfe1 Bb7 15. Rad1 g6 16. Qf3 Qc8 17. Bf4 Nh5 18. Bh6 Re8 19. Na4 $36 {[%mdl 2048] aiming for Nb6. White has some pressure.} Qc7 20. c4 Rad8 21. c5 e5 22. b4 a5 23. a3 {[%cal Ba2a3,Ba3b4][%mdl 32]} axb4 24. axb4 Nf6 25. Nc3 d4 26. Na4 {[%cal Bc3a4,Ba4b6,Bb6c4][%mdl 32]} Bc8 {White should prevent ...Bg4.} 27. h3 Be6 28. Nb6 Nd7 29. Nc4 Ra8 30. Ra1 Reb8 {[#] Threatens to win with ...Rxa1.} 31. Bd2 Kg7 32. Qe2 h6 33. Reb1 Bg5 34. Nd6 Qd8 35. Be1 Rxa1 36. Rxa1 Ra8 37. Qd1 Be7 38. Nc4 Qb8 39. Ra5 Bd8 40. Ra4 {White is slightly better.} Be7 41. Bf1 h5 42. Qa1 Rxa4 43. Qxa4 Qc7 44. Na5 {Precision: White = 73%, Black = 65%.} 1/2-1/2

[Event "EICC 2019"]
[Site "Skopia"]
[Date "2019.03.26"]
[Round "8.15"]
[White "Huzman, Alexander"]
[Black "Paravyan, David"]
[Result "1/2-1/2"]
[WhiteElo "2582"]
[BlackElo "2627"]
[Annotator "TA"]
[PlyCount "70"]
[EventDate "2019.03.18"]
[EventType "swiss"]
[EventCountry "MKD"]
[SourceTitle "playchess.com"]
[Source "ChessBase"]
[SourceQuality "1"]

{[%evp 12,70,0,-1,0,10,-3,-6,-6,-27,-14,-16,-18,-27,-35,-33,-41,-39,-37,-41,-39,-51,-39,-38,-30,-35,-31,-28,-29,-34,-18,-14,0,-4,0,-40,0,0,0,-4,-7,-7,-6,-7,-4,-8,-3,-2,-10,-2,0,0,0,0,0,0,0,0,0,0,0]} 1. Nf3 d5 2. g3 g6 3. Bg2 Bg7 4. d4 Nf6 5. O-O O-O 6. Nbd2 c5 7. dxc5 Qc7 {D02: 1 d4 d5 2 Nf3 sidelines, including 2...Nf6 3 g3 and 2...Nf6 3 Bf4} 8. Nb3 e5 9. Bg5 (9. c3 Rd8 10. Bg5 Be6 11. Nfd2 Nbd7 12. e4 Nxc5 13. Bxf6 Bxf6 14. exd5 Bxd5 15. Bxd5 Rxd5 16. Nxc5 Qxc5 {0-1 (46) Banusz,T (2609)-Adhiban,B (2671) Linares 2018}) 9... Be6 10. Qc1 a5 11. a4 Ne4 $146 ({Predecessor:} 11... Re8 12. Bxf6 Bxf6 13. Ng5 Bxg5 14. Qxg5 Nd7 15. f4 {0-1 (72) Hellwig,T (2180)-Bagi,M (2385) Reykjavik 2014}) 12. Bh6 f6 13. Bxg7 Kxg7 14. Nfd2 Nxc5 15. Nxc5 Qxc5 16. c3 Nc6 17. e3 Rab8 18. Qc2 Ne7 19. Qd3 Rfd8 20. Rfe1 Kf7 21. Qe2 Rdc8 22. Bf1 h5 23. h3 Bd7 24. e4 {The position is equal.} d4 25. Qc4+ Be6 26. Qxc5 Rxc5 27. cxd4 exd4 28. Nf3 Nc6 29. Rac1 Rxc1 30. Rxc1 Rd8 31. Nd2 Ke7 32. f4 Nb4 33. h4 d3 34. Rc7+ Rd7 35. Rc3 Rd6 {Accuracy: White = 66%, Black = 57%.} 1/2-1/2

[Event "EICC 2019"]
[Site "Skopia"]
[Date "2019.03.26"]
[Round "8.16"]
[White "Onischuk, Vladimir"]
[Black "Can, Emre"]
[Result "0-1"]
[WhiteElo "2626"]
[BlackElo "2586"]
[Annotator "TA"]
[PlyCount "94"]
[EventDate "2019.03.18"]
[EventType "swiss"]
[EventCountry "MKD"]
[SourceTitle "playchess.com"]
[Source "ChessBase"]
[SourceQuality "1"]

{[%evp 15,94,0,10,0,0,0,-16,-6,-17,-45,-20,-10,-16,-32,-20,-20,-16,-44,-56,-65,-75,-77,-75,-87,-86,-110,-100,-119,-39,-93,-16,-42,-14,-47,-32,-27,-6,-18,0,0,0,0,0,-44,-35,-35,0,-66,-61,-178,-180,-179,-177,-178,-187,-220,-229,-558,-545,-526,-546,-542,-552,-742,-443,-504,-429,-462,-391,-508,-492,-664,-651,-721,-702,-718,-712,-885,-834,-773,-764]} 1. e4 c5 2. Ne2 Nf6 3. Nbc3 d6 4. g3 g6 5. Bg2 Bg7 6. d4 cxd4 7. Nxd4 O-O 8. h3 Nc6 9. Nb3 {B70: Sicilian Dragon: 6 g3 and 6 Be2 (without a later Be3)} Rb8 10. a4 b6 11. O-O {The position is equal.} Nd7 12. Nb5 $146 ({Predecessor:} 12. Be3 Bb7 13. Nd4 Rc8 14. Nxc6 Rxc6 {½-½ (52) Gukesh,D (2332)-Kokarev,D (2640) Voronezh 2017}) 12... Bb7 13. N3d4 Nxd4 14. Nxd4 Nc5 15. Re1 Qd7 16. c3 e5 17. Nb5 {[%mdl 64] Double Attack} a6 $1 {[%cal Ra6b5]} 18. Na3 f5 {[%cal Rf5e4]} 19. exf5 Qxf5 20. Rf1 Bxg2 21. Kxg2 Qe4+ (21... Qe6 $17 22. Nc2 d5) 22. Kg1 (22. f3 $15 Qd3 23. Bg5) 22... Qc6 (22... d5 $17 {White should prevent ...Rf3.} 23. b4 Ne6) 23. Nc2 $1 $11 Qd7 (23... Kh8 {with more complications.} 24. Nb4 Qd7 25. Qg4 Qb7 26. Qd1 e4) 24. Qg4 Qxg4 25. hxg4 d5 26. Be3 Nb3 27. Rad1 {[#]} d4 $1 $36 {[%cal Rd4e3][%mdl 2560] Black is pushing.} 28. cxd4 Rbc8 29. Nb4 exd4 30. Bf4 Rc4 31. Nd5 (31. Nxa6 $11 Rxa4 32. Nc7) 31... Rd8 $1 $15 {[%cal Rd8d5]} 32. Ne7+ (32. Nxb6 $15 Rc6 33. Bg5) 32... Kf7 $19 33. Rd3 {Threatens to win with Bg5.} Nc5 {[%mdl 64] Double Attack} ({Worse is} 33... Kxe7 34. Rxb3 Rc6 35. g5 $11) 34. Rf3 {[#] Black must now prevent Re1.} Ne6 $1 ({Not} 34... Nxa4 $2 35. Re1 $18) 35. Bg5+ Ke8 36. Re1 $2 (36. Bh4 {is tougher.} Rd6 37. Rd3) 36... Nxg5 37. Nd5+ Kd7 38. Rb3 Kd6 39. Nxb6 Rc6 40. a5 Ne6 41. f4 Nc7 42. f5 Re8 {Black is clearly winning.} 43. Rf1 Nd5 44. Nxd5 Kxd5 45. Rb7 Be5 46. Rxh7 gxf5 47. gxf5 Rg8 {Accuracy: White = 29%, Black = 65%.} 0-1

[Event "EICC 2019"]
[Site "Skopia"]
[Date "2019.03.26"]
[Round "8.17"]
[White "Sarana, Alexey"]
[Black "Aleksandrov, Aleksej"]
[Result "0-1"]
[WhiteElo "2625"]
[BlackElo "2574"]
[Annotator "TA"]
[PlyCount "82"]
[EventDate "2019.03.18"]
[EventType "swiss"]
[EventCountry "MKD"]
[SourceTitle "playchess.com"]
[Source "ChessBase"]
[SourceQuality "1"]

{[%evp 30,82,0,-76,-56,-68,-61,-57,-57,-100,-50,-105,-110,-169,-162,-173,-149,-157,-151,-229,-231,-252,-171,-179,-169,-168,-163,-208,-204,-239,-254,-219,-207,-201,-165,-223,-222,-215,-181,-490,-476,-476,-475,-483,-476,-461,-469,-571,-566,-556,-556,-511,-501,-483,-464]} 1. d4 Nf6 2. c4 e6 3. Nf3 d5 4. Nc3 dxc4 5. e4 Bb4 6. Bg5 c5 7. Bxc4 cxd4 8. Nxd4 Bxc3+ 9. bxc3 Qa5 10. Bb5+ Nbd7 11. Bxf6 Qxc3+ 12. Kf1 gxf6 13. h4 Qb4 {D39: Queen's Gambit Declined: Ragozin Defence with 5 Bg5 dxc4} 14. Rb1 Qd6 15. Rh3 a6 16. Be2 {LiveBook: 4 Games} (16. Bxd7+ $11 Bxd7 17. Rd3) 16... Nc5 $17 17. Rc3 Nxe4 18. Rd3 O-O 19. Qc1 {[#]} Qh2 $146 {[%cal Rh2h1]} ({Predecessor:} 19... Qe5 20. Bf3 f5 21. Qh6 {0-1 (68) Karjakin,S (2763)-Aronian,L (2794) Berlin 2018}) 20. Rh3 (20. Bf3 $15 Qh1+ 21. Ke2 Qxh4 22. g3 Nxg3+ 23. fxg3 Qh2+ 24. Kd1) 20... Qe5 21. Nf3 {[#]} (21. Qe3 $17 {was necessary.} Rd8 22. Nf3 Nd2+ 23. Qxd2 Rxd2 24. Nxe5 fxe5 25. Ke1) 21... Qc5 $1 $19 {[%csl Ge4][%cal Rc5f2]} 22. Qe1 Qc3 23. Rb4 f5 24. Qb1 (24. Qxc3 $17 Nxc3 25. Rd4) 24... Bd7 25. Rxb7 Bc6 26. Rb3 Qc5 $40 {[%csl Ge4][%cal Rc5f2][%mdl 128] White is in trouble.} 27. Qe1 Bd5 28. Re3 Rab8 {And now ...Rb2 would win.} 29. Nd2 Nxd2+ 30. Qxd2 Rb1+ 31. Bd1 Qc1 32. Qxc1 (32. Rhg3+ $142 Kh8 33. Qxc1 Rxc1 34. Re1) 32... Rxc1 33. Re1 f4 {[%cal Bf5f4,Bf4f3][%mdl 32] White must now prevent ...Rd8.} 34. Ra3 $2 (34. Bf3 Bc4+ 35. Be2 Bxe2+ 36. Kxe2 Rc2+ 37. Kf1) 34... Rd8 {Black is clearly winning.} 35. Bb3 {[#]} Bxg2+ $1 {[%mdl 576] Deflection} 36. Kxg2 Rxe1 37. Rxa6 {KRR-KRB} Rd3 38. Ra4 f3+ 39. Kg3 Rg1+ 40. Kf4 Rg2 41. Ke4 Rd2 {Accuracy: White = 48%, Black = 77%.} 0-1

[Event "EICC 2019"]
[Site "Skopia"]
[Date "2019.03.26"]
[Round "8.18"]
[White "Sychev, Klementy"]
[Black "Postny, Evgeny"]
[Result "1/2-1/2"]
[WhiteElo "2545"]
[BlackElo "2619"]
[Annotator "TA"]
[PlyCount "43"]
[EventDate "2019.03.18"]
[EventType "swiss"]
[EventCountry "MKD"]
[SourceTitle "playchess.com"]
[Source "ChessBase"]
[SourceQuality "1"]

{[%evp 12,43,0,0,0,0,0,0,0,0,0,-103,38,28,24,16,19,16,21,18,21,-9,0,-28,0,0,0,0,0,0,0,0,0,-12]} 1. e4 e5 2. Nf3 Nc6 3. d4 exd4 4. Nxd4 Bc5 5. Nb3 Bb6 6. Nc3 Nf6 7. Bg5 O-O {C45: Scotch Game} 8. Qe2 (8. Qf3 $11 {remains equal.}) 8... h6 $17 9. Bh4 a5 {[%cal Ba7a5,Ba5a4][%mdl 32]} 10. O-O-O a4 11. Nd2 {[#]} Re8 $146 ({Better is} 11... a3 $1 $17 12. b3 d6) ({Predecessor:} 11... a3 12. e5 axb2+ 13. Kb1 Nd5 14. Nxd5 Qxh4 15. Ne4 d6 16. Ndf6+ gxf6 {1-0 (36) Vallejo Pons,F (2695)-Tkachiev,V (2632) Legnica 2013}) 12. Bxf6 Qxf6 13. Nd5 Qg6 14. a3 Ne7 {Hoping for ...Nxd5.} 15. Nxb6 Qxb6 16. Kb1 Ng6 17. f3 d5 (17... Qc6 {with more complications.} 18. g3 Rb8 19. Qc4 d6 20. Bg2 Bd7) 18. Qb5 {The position is equal.} Qxb5 $1 19. Bxb5 c6 20. Bf1 Be6 21. exd5 Bxd5 22. Nc4 {Accuracy: White = 71%, Black = 59%.} 1/2-1/2

[Event "EICC 2019"]
[Site "Skopia"]
[Date "2019.03.26"]
[Round "8.19"]
[White "Bosiocic, Marin"]
[Black "Van Foreest, Lucas"]
[Result "1-0"]
[WhiteElo "2614"]
[BlackElo "2515"]
[Annotator "TA"]
[PlyCount "175"]
[EventDate "2019.03.18"]
[EventType "swiss"]
[EventCountry "MKD"]
[SourceTitle "playchess.com"]
[Source "ChessBase"]
[SourceQuality "1"]

{[%evp 15,175,23,9,12,24,21,20,25,30,24,22,2,21,0,4,-22,0,0,10,-18,-18,-22,-16,-6,-8,-4,-13,-53,-53,-47,-18,-51,0,0,23,0,13,11,19,9,9,4,5,0,5,0,14,8,53,49,172,37,34,36,55,62,50,0,0,0,0,0,0,0,0,0,16,19,77,77,77,0,0,0,87,60,45,6,6,6,23,25,23,0,29,23,21,23,33,29,79,79,85,85,85,50,62,12,12,12,12,12,86,90,122,73,77,29,43,43,34,35,70,41,42,35,60,58,59,61,268,266,252,237,237,211,416,73,73,73,72,68,68,68,71,71,404,404,404,382,382,382,382,368,368,367,382,375,367,360,345,323,331,233,226,226,226,226,637,551,29978,29979]} 1. d4 Nf6 2. c4 e6 3. Nf3 d5 4. g3 Be7 5. Bg2 O-O 6. O-O dxc4 7. Qc2 a6 8. a4 Bd7 9. Bg5 {E05: Open Catalan: 5 Nf3 Be7} Bc6 10. Rd1 Nbd7 11. Nbd2 {The position is equal.} h6 12. Bxf6 Nxf6 13. a5 $146 ({Predecessor:} 13. Nxc4 Rc8 14. Nfe5 Bxg2 15. Kxg2 Nd5 16. e4 Nb4 {½-½ (43) Gelfand,B (2729)-Wang,H (2702) Tbilisi 2017}) 13... Qe8 14. Nxc4 Be4 15. Qc1 Qb5 16. Ncd2 Bh7 ({Much weaker is} 16... Qxe2 $6 17. Bf1 $16) 17. Ne5 c5 18. Qc4 Qxb2 19. Ra2 Qxd4 20. Qxd4 cxd4 21. Bxb7 Ra7 22. Bf3 Rc8 23. Ndc4 d3 (23... Bc5 $15) 24. exd3 $11 Rac7 25. Nb6 Rf8 26. Nc6 Bd6 27. Rc2 Re8 28. Rc4 g5 29. Kf1 Kg7 30. Ke2 e5 31. Be4 Bg8 32. Bf5 Nh7 ({Better is} 32... Bh7 $14 33. Bxh7 Kxh7) 33. Rb1 (33. Bd7 $1 $18) 33... f6 $1 $14 34. Rcc1 Nf8 {[%cal Bh7f8,Bf8e6,Be6c5,Bc5b3][%mdl 32]} 35. Be4 Ne6 36. Kf1 Nc5 37. Nb4 Nb3 $36 {[%mdl 2048] Black has the initiative.} 38. Rxc7+ Bxc7 39. Kg2 {aiming for N4d5.} Nxa5 40. N6d5 Bxd5 41. Nxd5 Bd8 (41... Rb8 $11 {remains equal.} 42. Ra1 Bd8) 42. Ne3 $16 {[%mdl 1024] White has strong compensation.} Kf8 43. Bg6 Re7 44. Be4 Re8 $1 45. Kf3 h5 46. Bg6 Re7 47. Bxh5 Rb7 48. Rc1 Rc7 49. Ra1 Rc6 50. Ra3 Nb7 51. Bg6 Nd6 52. Be4 Rb6 53. Ra2 Nb5 54. Kg4 Rd6 55. Nc4 Nc3 56. Ra3 Nxe4 57. dxe4 $11 {[%mdl 4096] Endgame KRB-KRN} Rd4 58. Ne3 a5 (58... Rxe4+ $11 59. Kf5 Rd4) 59. Kf5 $16 Kf7 60. Rb3 Rb4 61. Rc3 {Threatens to win with Rc8.} (61. Rd3 $5 {[%cal Rd3d8]} Rd4 62. Rc3 $16) 61... Rb8 62. Nd5 Ra8 63. Ra3 Rb8 64. f3 Ra8 65. Ra4 Rc8 66. h4 gxh4 67. gxh4 Rc2 $2 (67... Ra8 $14) 68. Ra3 $1 $18 Rb2 {[#]} 69. Rc3 $1 Rb8 70. h5 a4 $2 {[#]} (70... Kg7 71. Rc2 a4) 71. Ra3 $2 (71. h6 $1 $18) 71... Rb3 $16 72. Rxa4 Rxf3+ 73. Kg4 {And now Ra7+ would win.} Rf1 $1 74. Ra8 Rg1+ 75. Kf3 Rh1 $2 {[%mdl 8192]} (75... f5 $16) 76. Rxd8 $18 Rxh5 {KRN-KR} 77. Ne3 Rh3+ 78. Ke2 Rh4 79. Kd3 Rh3 80. Ra8 Rg3 81. Ke2 Rh3 82. Nf5 Rb3 83. Rd8 Ra3 84. Rd3 Ra4 85. Kf3 Rb4 86. Rd7+ Kf8 $2 (86... Kg6 87. Ne7+ Kg5) 87. Nd6 Kg8 88. Kg4 {Accuracy: White = 57%, Black = 38%.} 1-0